| 000 | 00563nam a2200205Ia 4500 | ||
|---|---|---|---|
| 005 | 20250508151609.0 | ||
| 008 | 008 250505s9999 xx 000 0 eng d | ||
| 037 | _aTextual | ||
| 040 |
_aFEDL _beng _cFEDL |
||
| 041 |
_aeng _2eng |
||
| 084 |
_a025, TAU _qFEDL |
||
| 100 |
_aTauber Maurice F _944012 |
||
| 245 | 0 | _aTechnical services in libraries | |
| 260 |
_aNew York, USA _bColumbia University Press _c1954 |
||
| 300 | _axvi,485p. | ||
| 365 |
_aINR _b33 |
||
| 650 | _aLibrary Science | ||
| 942 |
_cTEXL _h025, TAU |
||
| 999 |
_c1330872 _d1330872 |
||